=LDR 00000nam 2200000 4500 =001 INLIS000000000017976 =005 20130612113149 =008 ***********************************Ind** =035 ##$$0010-061300000017976 =041 ##$$a Ind =082 ##$$a 639.377 4 =090 ##$$a 639.377 4, Her l =100 ##$$a Herman S, Benny =245 ##$$a 55 kiat sukses pembenihan diskus, Benny Herman S =260 ##$$a 2002 $b Jakarta =300 ##$$a x, 86 hlm, ilus, 21 cm =650 ##$$a Diskus (ikan) =850 ##$$a NBPNMAT